| 000 | 01205cab a2200277 4500 | ||
|---|---|---|---|
| 001 | ABS37217 | ||
| 008 | 090401t1986 xxu||||| |||| 00| 0 eng d | ||
| 035 | _a(Sirsi) u2948 | ||
| 041 | _aeng | ||
| 100 | _aPeart, J.D. | ||
| 245 | _aOpencast coal guidelines | ||
| 260 | _c1986 | ||
| 350 | _a0 | ||
| 490 |
_aTown Planning Review _v57 (3) July 1986,285-302 (18) |
||
| 520 | _aOn 1 March 1984 new administrative procedures and policies governing control of opencast coal mining were introduced by DOE Circular 3/84 Opencast Coal Mining. This article examines their interpretation by considering two significant planning appeals decided against the applicants: Land at Lightmoor Colliery Spoil Tip and Middleridge Enclosure, Near Cinderford,Gloucs in the Forest of Dean (APP/T1600/A/83/008420); and Land at Barcus Close,Near Burnopfield,County Durham (T/APP/Y1300/A/8410480/P5), both were decided in October 1984. | ||
| 650 | _aCOAL MINING | ||
| 650 | _aENVIRONMENTAL IMPACT | ||
| 650 | _aFLOWERS COMMISSION | ||
| 650 | _aMINERALS | ||
| 650 | _aNATIONAL COAL BOARD | ||
| 650 | _aPLANNING | ||
| 690 | _aMINING AND MINERALS | ||
| 700 | _aRutherford, L.A. | ||
| 942 | _n0 | ||
| 948 | _c04/03/1997 | ||
| 999 |
_c1775 _d1775 |
||